000 00599nam a2200217Ia 4500
003 GCL
008 140319s9999 xx 000 0 ara d
040 _aGCL /
_cGCL
082 0 4 _a508.3
_bر ق
100 1 _aمجدى نصيف
245 1 0 _aالقمر فى انتظارنا /
_cمجدى نصيف
700 1 _aروبروف، م
700 1 _aخوزين، ج
300 _a126 ص
490 _aكتاب اليوم
_v0
650 0 4 _aسفن الفضاء
650 0 4 _aرحلات الفضاء
650 0 4 _aالقمر
650 0 4 _aرحلات الفضاء الى القمر
942 _2ddc
_cBK
999 _c39394
_d39394